Central bank reserve management (Record no. 532216)

MARC details
000 -LEADER
fixed length control field 00878nam a2200265Ia 4500
003 - CONTROL NUMBER IDENTIFIER
control field OSt
005 - DATE AND TIME OF LATEST TRANSACTION
control field 20220925195217.0
008 - FIXED-LENGTH DATA ELEMENTS--GENERAL INFORMATION
fixed length control field 220923b |||||||| |||| 00| 0 eng d
020 ## - INTERNATIONAL STANDARD BOOK NUMBER
International Standard Book Number 9781845429577
037 ## - SOURCE OF ACQUISITION
Terms of availability General Book
040 ## - CATALOGING SOURCE
Original cataloging agency RTL
Transcribing agency RTL
Language of cataloging eng
041 ## - LANGUAGE CODE
Source of code eng
Language code of text/sound track or separate title eng
100 ## - MAIN ENTRY--PERSONAL NAME
Personal name Bakker Age F P Ed.
9 (RLIN) 253793
245 #0 - TITLE STATEMENT
Title Central bank reserve management
Remainder of title New trends from liquidity to return
260 ## - PUBLICATION, DISTRIBUTION, ETC.
Place of publication, distribution, etc. Cheltenham
Name of publisher, distributor, etc. Edward Elgar
Date of publication, distribution, etc. 2007
300 ## - PHYSICAL DESCRIPTION
Extent xii, 257p
Dimensions cm.
500 ## - GENERAL NOTE
General note Bibliography P241-47
650 ## - SUBJECT ADDED ENTRY--TOPICAL TERM
Topical term or geographic name entry element Commerce
700 ## - ADDED ENTRY--PERSONAL NAME
Personal name Van Herpt Ingmar R Y
9 (RLIN) 253794
942 ## - ADDED ENTRY ELEMENTS (KOHA)
Classification part X621, P7
Koha item type General Books
Source of classification or shelving scheme Colon Classification (CC)

No items available.

Copyright @ Delhi University Library System